Statistics for Countries Whose Full Name has 10 or More Letters

Click here to take the quiz!

General Stats

  • This quiz has been taken 62 times
  • The average score is 32 of 50

Answer Stats

Continent# of LettersCountry% Correct
North America12United States
91%
Europe13United Kingdom
87%
Africa28Democratic Republic of the Congo
85%
Africa11South Africa
83%
Oceania10New Zealand
80%
North America28Saint Vincent and the Grenadines
80%
North America18Saint Kitts and Nevis
78%
Oceania15Marshall Islands
76%
Africa18Republic of the Congo
76%
Oceania27Federated States of Micronesia
74%
Asia10South Korea
74%
Asia12Turkmenistan
74%
Asia18United Arab Emirates
74%
Asia10North Korea
72%
Asia11Saudi Arabia
72%
North America17Trinidad and Tobago
72%
Africa22Central African Republic
70%
Asia10Uzbekistan
69%
Europe11Vatican City
69%
Oceania14Solomon Islands
67%
Asia10Tajikistan
67%
Asia11Afghanistan
65%
Europe20Bosnia and Herzegovina
65%
North America17Dominican Republic
65%
Europe13Liechtenstein
65%
Europe10Luxembourg
65%
Asia10Kazakhstan
63%
Asia10Kyrgyzstan
63%
Africa10South Sudan
63%
North America17Antigua and Barbuda
61%
Oceania14Papua New Guinea
61%
Africa10Madagascar
59%
Africa10Mozambique
59%
Asia11Philippines
59%
Europe11Switzerland
57%
Africa11Burkina Faso
56%
Europe13Czech Republic
56%
Africa10Mauritania
54%
Europe11Netherlands
54%
Africa18São Tomé and Príncipe
54%
Asia10Azerbaijan
52%
Africa16Equatorial Guinea
52%
Africa12Guinea-Bissau
50%
Europe10Montenegro
48%
North America10Saint Lucia
46%
Africa11Cote D'ivoire
44%
Asia10Bangladesh
43%
Africa11Sierra Leone
39%
North America10El Salvador
35%
Africa10Seychelles
35%

Score Distribution

Percentile by Number Answered

Percent of People with Each Score

Your Score History

You have not taken this quiz